| 000 | 00436nam a22001697a 4500 | ||
|---|---|---|---|
| 005 | 20260227155607.0 | ||
| 008 | 260227b |||||||| |||| 00| 0 eng d | ||
| 037 | _cDSWL | ||
| 040 |
_aDSWL _cDSWL |
||
| 041 | _heng | ||
| 084 | _an2'N37 Q6 | ||
| 245 | _aIndia 2016 | ||
| 260 |
_aNew Delhi, _bPublication Division, _c2016 |
||
| 300 | _a1043p | ||
| 365 |
_aINR _b350 |
||
| 942 |
_2CC _cTEXL _hn2'N37 Q6 _n0 |
||
| 999 |
_c1680326 _d1680326 |
||